Bratislava - mesto naše /

Saved in:
Bibliographic Details
Main Author: Fabry, Rudolf (Author)
Other Authors: Belický, Karol (Photographer)
Format: Book
Language:Slovak
Published: Bratislava : Obzor, vydavateľstvo kníh a časopisov, n. p., 1966
Edition:1. vydanie
Subjects:
Tags: Add Tag
No Tags, Be the first to tag this record!

MARC

LEADER 00000nam a22000003a 4500
001 0108221
003 SK-STU
005 20240131152233.5
007 ta
008 240131s ----xo-----e------000-0-----d
040 |a STU  |b slo 
041 0 |a slo 
044 |a xo 
100 1 |a Belický, Karol  |4 pht 
245 1 0 |a Bratislava - mesto naše /  |c fotogr. Karol Belický, Rudolf Fabry 
250 |a 1. vydanie 
260 |a Bratislava :  |b Obzor, vydavateľstvo kníh a časopisov, n. p.,  |c 1966 
300 |a 176 s. + 20 s. prílohy 
650 0 7 |a Bratislava 
650 0 7 |a hlavné mesto 
650 0 7 |a architektúra a urbanizmus 
650 0 7 |a život 
650 0 7 |a fotografie 
650 0 7 |a 20. storočie 
700 1 |a Fabry, Rudolf  |4 aut 
996 |b 284AU09902  |c A* 13270/U  |l AAKNAR  |s A  |a 24  |w 0108221_0001